000 01383nam a2200265 i 4500
001 180913
003 ES-MaACL
005 20250812173432.0
008 120828s1988 sp ao 000 0dspa d
080 _a792.024 López Vázquez, José Luis
245 0 3 _aLa historia del teatro español.
260 _a[Madrid] :
_bUnión de Actores :
_bFundación Actores y Artistas de España,
_c[1988]
300 _a2 fasc. :
_bil. col., fot. ;
_c30 cm.
505 8 _aContiene: 1. El actor como creador integral en el teatro / Jorge Bosso . El gran tragicómico . Diseño de vestuario . José Luis López Vázquez, dibujante / José Manuel Montero García, Esmeralda Serrano Molero - 2. La mujer en la escena española / Andrés Peláez . La mujer protectora . La mujer mecenas . La mujer escritora . La mujer como figurinista y escenógrafa: Victoria Durán . La mujer empresaria/directora . La mujer en la escena
597 _aPubl. en fascículos.
600 1 7 _aLópez Vázquez, José Luis,
_d1922-2009
_2
_9151359
650 4 _aTeatro-
_zEspaña-
_xHistoria.
_917302
650 4 _aActrices-
_zEspaña.
_9151362
700 1 _aBosso, Jorge.
_930718
700 1 _aPeláez, Andrés,
_d1968-
_9173171
710 2 _aUnión de Actores de Madrid.
_9151361
710 2 _aFundación Actores y Artistas de España.
_9151360
852 _aES-MaACL
_j2124-F-6-7
999 _c180913
_d180913